[Event "Online Olym Div2 B 2021"]
[Site "chess.com INT"]
[Date "2021.09.04"]
[Round "7.3"]
[Board "5"]
[White "Morgunov, Marc"]
[Black "Golubovskis, Maksims"]
[Result "0-1"]
[WhiteTitle "FM"]
[BlackTitle "FM"]
[WhiteElo "2386"]
[BlackElo "2210"]
[WhiteTeam "Austria"]
[BlackTeam "Latvia"]
[WhiteFideId "1640305"]
[BlackFideId "11608528"]
[EventDate "2021.09.02"]
[EventType "team"]

1. e4 c5 2. Nf3 d6 3. d4 cxd4 4. Nxd4 Nf6 5. Nc3 a6 6. Be2 e5 7. Nb3 Be7 8. O-O
O-O 9. Qd3 Be6 10. Bd2 Nbd7 11. Nd5 Bxd5 12. exd5 b5 13. a4 bxa4 14. Rxa4 Nb6
15. Rxa6 Rxa6 16. Qxa6 Nbxd5 17. c4 Nc7 18. Qa2 d5 19. Ba5 d4 20. Rd1 Qa8 21.
Ra1 Ne6 22. Bd2 Qe4 23. Bf1 Qf5 24. Na5 Rc8 25. b4 e4 26. c5 Nd5 27. Ba6 Rc7 28.
Nc4 Nef4 29. Nd6 Qg6 30. g3 e3 31. fxe3 dxe3 32. Be1 Bxd6 33. cxd6 Rc2 34. Bd3
Rxa2 35. Rxa2 f5 36. Ra8+ Kf7 37. d7 Nh3+ 38. Kh1 Nb6 39. Rc8 Nxd7 40. Bc4+ Ke7
41. b5 Qg4 42. Bb4+ Kf6 43. Rc6+ Kg5 44. Be7+ Nf6 0-1

[Event "Online Olym Div2 B 2021"]
[Site "chess.com INT"]
[Date "2021.09.04"]
[Round "7.3"]
[Board "6"]
[White "Golsta, Madara"]
[Black "Katter, Katharina"]
[Result "1/2-1/2"]
[WhiteElo "1967"]
[BlackElo "1939"]
[WhiteTeam "Latvia"]
[BlackTeam "Austria"]
[WhiteFideId "11607386"]
[BlackFideId "1642626"]
[EventDate "2021.09.02"]
[EventType "team"]

1. Nf3 Nf6 2. g3 g6 3. Bg2 Bg7 4. c4 O-O 5. O-O d6 6. d4 Nc6 7. Nc3 e5 8. d5 Nb8
9. b4 a5 10. bxa5 e4 11. Nd4 Re8 12. Bg5 h6 13. Bxf6 Qxf6 14. e3 Bf5 15. Qb3 Nd7
16. Ncb5 Nc5 17. Qb4 Qe7 18. Rab1 Nd3 19. Qd2 Qd7 20. Nxf5 gxf5 21. Nd4 c6 22.
Bh3 Re5 23. f4 Ree8 24. Bxf5 Qe7 25. Bh3 Bxd4 26. exd4 cxd5 27. cxd5 Qc7 28. f5
Qc4 29. Qxh6 Qxd4+ 30. Kg2 Qg7 31. Qxg7+ Kxg7 32. f6+ Kg8 33. Rf5 Rxa5 34. Rxb7
Rxa2+ 35. Kf1 Rxh2 36. Bg4 Ra8 37. Rg5+ Kf8 38. Kg1 Rc2 39. Rb1 e3 40. Rg7 Rc1+
41. Rxc1 Nxc1 42. Kf1 Ra1 43. Bh5 Nd3+ 44. Ke2 Ne5 45. Kxe3 Ra3+ 46. Kf2 Rd3 47.
Rh7 Ke8 48. Rh8+ Kd7 49. Rf8 Rxd5 50. Bxf7 Nxf7 51. Rxf7+ Ke6 52. Rf8 Rf5+ 53.
Ke3 Rxf6 54. Rxf6+ Kxf6 55. Kd4 Kg5 56. Kd5 Kg4 57. Kxd6 Kxg3 1/2-1/2

[Event "Online Olym Div2 B 2021"]
[Site "chess.com INT"]
[Date "2021.09.04"]
[Round "7.4"]
[Board "1"]
[White "Subramaniam, Sumant"]
[Black "Salih, Akar Ali Salih"]
[Result "1-0"]
[WhiteTitle "FM"]
[BlackTitle "FM"]
[WhiteElo "2152"]
[BlackElo "2270"]
[WhiteTeam "Malaysia"]
[BlackTeam "Iraq"]
[WhiteFideId "5702720"]
[BlackFideId "4800575"]
[EventDate "2021.09.02"]
[EventType "team"]

1. a3 e5 2. d4 exd4 3. Qxd4 Nf6 4. Bg5 Be7 5. Nc3 Nc6 6. Qd2 O-O 7. O-O-O d6 8.
e4 Be6 9. Nf3 a6 10. h4 b5 11. Bxf6 Bxf6 12. Nd5 Rb8 13. Nxf6+ Qxf6 14. Qg5
Qxg5+ 15. Nxg5 h6 16. Nxe6 fxe6 17. Rd2 e5 18. c3 Na5 19. Kc2 Nb7 20. b4 Nd8 21.
g3 Rf6 22. Bh3 Ne6 23. a4 Rbf8 24. axb5 axb5 25. Ra1 Nd8 26. Ra8 Nc6 27. Rxf8+
Kxf8 28. Bd7 Na7 29. Kd1 Ke7 30. Bf5 g6 31. Bg4 h5 32. Bh3 Nc6 33. Bf1 Rf3 34.
Rc2 Nd8 35. Bxb5 Ne6 36. Ke2 Rf8 37. Ra2 Rb8 38. Bc6 Rb6 39. Bd5 c6 40. Ra7+ Kf6
41. Bc4 d5 42. exd5 cxd5 43. Bxd5 Rd6 44. c4 Nd4+ 45. Ke3 Nc2+ 46. Ke4 1-0

[Event "Online Olym Div2 B 2021"]
[Site "chess.com INT"]
[Date "2021.09.04"]
[Round "7.4"]
[Board "2"]
[White "Ahmed, Ali Layth Ahmed"]
[Black "Looi, Xin Hao"]
[Result "1-0"]
[WhiteTitle "FM"]
[WhiteElo "2253"]
[BlackElo "2101"]
[WhiteTeam "Iraq"]
[BlackTeam "Malaysia"]
[WhiteFideId "4801920"]
[BlackFideId "5702828"]
[EventDate "2021.09.02"]
[EventType "team"]

1. d4 Nf6 2. c4 e6 3. Nf3 Bb4+ 4. Nbd2 O-O 5. a3 Be7 6. e4 d6 7. Qc2 Nfd7 8. g3
e5 9. Bg2 a5 10. b3 exd4 11. Nxd4 Bf6 12. Bb2 Re8 13. O-O Na6 14. Rad1 Ndc5 15.
h3 c6 16. Rfe1 Qb6 17. N2f3 Bd7 18. Bc3 Rad8 19. Rb1 Bc8 20. b4 Nd7 21. b5 cxb5
22. Rxb5 Qa7 23. Nf5 Bxc3 24. Qxc3 Ne5 25. Nxe5 dxe5 26. Rxe5 Bxf5 27. exf5 Rxe5
28. Qxe5 h6 29. f6 g6 30. Qxa5 Qd4 31. Qe5 Qxc4 32. Qe7 Qd4 33. Bf3 Nc5 34. Rd1
Nd3 35. Qe3 Qxe3 36. fxe3 Rd7 37. Bg4 Rd5 38. e4 Rd4 39. Be2 Rxe4 40. Bxd3 Re6
41. Rf1 Re3 42. Bc4 Rxg3+ 43. Kh2 Rxa3 44. Kg2 Rc3 45. Bd5 Rc2+ 46. Kg3 b5 47.
Re1 Rc3+ 48. Kg4 h5+ 49. Kh4 Rc7 50. Re7 Rc5 51. Bxf7+ Kf8 52. Bxg6 Rc8 53. Rh7 1-0

[Event "Online Olym Div2 B 2021"]
[Site "chess.com INT"]
[Date "2021.09.04"]
[Round "7.4"]
[Board "3"]
[White "Azhar, Puteri Munajjah Az-Zahraa"]
[Black "Al-Fayyadh, Zainab Asif Abdulah"]
[Result "1-0"]
[WhiteTitle "WIM"]
[WhiteElo "2052"]
[BlackElo "1658"]
[WhiteTeam "Malaysia"]
[BlackTeam "Iraq"]
[WhiteFideId "5709040"]
[BlackFideId "4806476"]
[EventDate "2021.09.02"]
[EventType "team"]

1. e4 e5 2. Nf3 Nc6 3. Bb5 a6 4. Ba4 Nf6 5. O-O Be7 6. Re1 b5 7. Bb3 d6 8. h3
O-O 9. c3 Na5 10. Bc2 c5 11. d4 Qc7 12. d5 c4 13. Nh2 Ne8 14. g4 g6 15. Qf3 Ng7
16. Bh6 Bh4 17. Kh1 Bd7 18. Nd2 f5 19. gxf5 gxf5 20. Bxg7 Kxg7 21. exf5 Kh8 22.
Rg1 Nb7 23. Qh5 Bxf2 24. f6 Be8 25. Qh6 Rg8 26. Rxg8+ Kxg8 27. Ne4 Bg6 28. Nxf2
Bxc2 29. Rg1+ Bg6 30. h4 Qf7 31. h5 Qxd5+ 32. Rg2 Kf7 33. hxg6+ Kxf6 34. gxh7+
Ke7 35. Qg7+ Ke6 36. Qg8+ Rxg8 37. hxg8=Q+ 1-0

[Event "Online Olym Div2 B 2021"]
[Site "chess.com INT"]
[Date "2021.09.04"]
[Round "7.4"]
[Board "4"]
[White "Jalaluldeen, Kareen Kamal J."]
[Black "Azhar, Puteri Rifqah Fahada"]
[Result "1/2-1/2"]
[WhiteTitle "WFM"]
[BlackTitle "WFM"]
[WhiteElo "1780"]
[BlackElo "1939"]
[WhiteTeam "Iraq"]
[BlackTeam "Malaysia"]
[WhiteFideId "4801776"]
[BlackFideId "5702879"]
[EventDate "2021.09.02"]
[EventType "team"]

1. d4 f5 2. c4 Nf6 3. Nc3 g6 4. g3 Bg7 5. Bg2 d6 6. Nf3 O-O 7. O-O c6 8. Bf4 Qc7
9. Rc1 Nh5 10. Bd2 e5 11. dxe5 dxe5 12. e4 f4 13. Qb3 h6 14. c5+ Kh7 15. Ne2 g5
16. gxf4 gxf4 17. Kh1 Qe7 18. Bc3 Be6 19. Qc2 Nd7 20. b4 Rg8 21. Rcd1 a5 22. a4
axb4 23. Bxb4 b6 24. Nc1 bxc5 25. Bc3 c4 26. Na2 Bf6 27. Nb4 Rac8 28. Qb2 Rxg2
29. Kxg2 Bh3+ 30. Kh1 Bxf1 31. Rxf1 Qe6 32. Rg1 Rg8 33. Rxg8 Kxg8 34. a5 Qg4 35.
Qe2 Qe6 36. a6 Nb6 37. Qb2 Qg4 38. Qe2 Qe6 39. Qb2 Qg4 40. Qe2 Qe6 1/2-1/2

[Event "Online Olym Div2 B 2021"]
[Site "chess.com INT"]
[Date "2021.09.04"]
[Round "7.4"]
[Board "5"]
[White "Chan, Kim Yew"]
[Black "Rabeea, Sabah Nori"]
[Result "1-0"]
[WhiteTitle "FM"]
[BlackTitle "FM"]
[WhiteElo "2303"]
[BlackElo "2022"]
[WhiteTeam "Malaysia"]
[BlackTeam "Iraq"]
[WhiteFideId "5717981"]
[BlackFideId "4806212"]
[EventDate "2021.09.02"]
[EventType "team"]

1. d4 d5 2. Nf3 Nf6 3. c4 e6 4. g3 Nbd7 5. Bg2 c6 6. O-O Bd6 7. Qc2 O-O 8. Nbd2
Re8 9. Rd1 b6 10. e4 dxe4 11. Nxe4 Nxe4 12. Qxe4 Bb7 13. Qc2 h6 14. Be3 Qe7 15.
Nd2 e5 16. Ne4 Bc7 17. d5 cxd5 18. cxd5 Bd6 19. Rac1 Rec8 20. Qd3 Rxc1 21. Rxc1
Rc8 22. Rxc8+ Bxc8 23. Bh3 Bb7 24. Bxh6 gxh6 25. Bxd7 Kg7 26. Bf5 Bb8 27. d6 Qd8
28. d7 Bc6 29. Qc3 Bb7 30. Qc8 Bxc8 31. dxc8=Q Qd1+ 32. Kg2 Bd6 33. Qd7 1-0

[Event "Online Olym Div2 B 2021"]
[Site "chess.com INT"]
[Date "2021.09.04"]
[Round "7.4"]
[Board "6"]
[White "Sara Masood Abdullah"]
[Black "Chua, Jia-Tien"]
[Result "0-1"]
[BlackTitle "WCM"]
[WhiteElo "1683"]
[BlackElo "1822"]
[WhiteTeam "Iraq"]
[BlackTeam "Malaysia"]
[WhiteFideId "4809610"]
[BlackFideId "5710006"]
[EventDate "2021.09.02"]
[EventType "team"]

1. d4 d5 2. c4 c6 3. Nf3 Nf6 4. Nc3 dxc4 5. e3 b5 6. a4 b4 7. Na2 e6 8. Bxc4 Be7
9. O-O O-O 10. Ne5 Bb7 11. a5 Qxa5 12. Bd2 Qb6 13. Qa4 a5 14. Rfc1 Rd8 15. Bd3
c5 16. h3 cxd4 17. exd4 Qxd4 18. Rc7 Qxe5 19. Rxb7 Nbd7 20. Be3 Nc5 21. Bxc5
Bxc5 22. Rd1 Qxb2 23. Qc2 Qxc2 24. Bxc2 Rxd1+ 25. Bxd1 Rd8 26. Ba4 g6 27. Nc1
Rd2 28. Nb3 Bxf2+ 29. Kf1 Ra2 30. Rb5 Ne4 31. Rxa5 Ng3# 0-1

[Event "Online Olym Div2 B 2021"]
[Site "chess.com INT"]
[Date "2021.09.04"]
[Round "7.5"]
[Board "1"]
[White "Moroni, Luca Jr"]
[Black "Sirosh, Ilja"]
[Result "1/2-1/2"]
[WhiteTitle "GM"]
[BlackTitle "IM"]
[WhiteElo "2566"]
[BlackElo "2400"]
[WhiteTeam "Italy"]
[BlackTeam "Estonia"]
[WhiteFideId "865834"]
[BlackFideId "4500458"]
[EventDate "2021.09.02"]
[EventType "team"]

1. d4 d5 2. c4 e6 3. Nc3 c5 4. cxd5 exd5 5. Nf3 Nf6 6. e3 Nc6 7. Bb5 cxd4 8.
exd4 Bd6 9. Qe2+ Be6 10. Ng5 O-O 11. Nxe6 fxe6 12. Bxc6 bxc6 13. Qxe6+ Kh8 14.
O-O Qc7 15. Qh3 Rae8 16. Be3 Qf7 17. Bg5 Ne4 18. Nxe4 Rxe4 19. Be3 Qe7 20. g3 c5
21. dxc5 Bxc5 22. Bxc5 Qxc5 23. Rac1 Rc4 24. Rxc4 Qxc4 25. b3 Qc2 26. Qd7 Qxa2
27. Qd6 Re8 28. Qxd5 h6 29. Qf7 Rb8 30. Re1 a5 31. Kg2 Qd2 32. Re4 Qc3 33. h4
Qc6 34. f3 Qc2+ 35. Kh3 Qc8+ 36. Rg4 Qf8 37. Qd5 Qf6 38. h5 Kh7 39. Rg6 Qe7 40.
Re6 Qb4 41. Re3 Qb5 42. Qe4+ Kh8 43. Qg6 a4 44. Re7 Rg8 45. bxa4 Qxa4 46. Qf7
Qd4 47. Re6 Qd8 48. Qg6 Rf8 49. Qg4 Rf6 50. Rxf6 Qxf6 51. Qe4 Qd6 52. Kg4 Qd7+
53. Qf5 Qd4+ 54. Kh3 Qd2 55. Qf8+ Kh7 56. Qf4 Qd7+ 57. Qg4 Qd2 58. Qf5+ Kh8 59.
Kg4 Qd4+ 60. Qe4 Qd7+ 61. Kh4 Qd8+ 62. Kh3 Qd7+ 63. g4 Qd1 64. Qe8+ Kh7 65. Qe4+
Kh8 66. Kg3 Qd6+ 67. Qf4 Qd1 68. Qe5 Qc1 69. Kf2 Qd2+ 70. Qe2 Qd4+ 71. Qe3 Qb2+
72. Kg3 Qb8+ 73. f4 Qb1 74. g5 hxg5 75. fxg5 Qb8+ 76. Qf4 Qb3+ 77. Kh4 Qg8 78.
Qd4 Qe8 79. Qb4 Qd8 80. Qe4 Kg8 81. h6 gxh6 82. Qe6+ Kh8 83. Qxh6+ Kg8 84. Qe6+
Kg7 85. Qe5+ Kg6 86. Qe6+ Kg7 87. Qh6+ Kg8 88. Qg6+ Kh8 89. Qe4 Kg7 90. Qe2 Qd5
91. Qe7+ Kg6 92. Qf6+ Kh7 93. Qh6+ Kg8 94. Qg6+ Kh8 95. Qe8+ Kg7 96. Qe7+ Kg6
97. Qf6+ Kh7 98. g6+ Kg8 99. Qe7 Qh1+ 100. Kg5 Qg2+ 101. Kh5 Qh3+ 102. Kg5 Qg3+
103. Kh6 Qh3+ 104. Kg5 Qg3+ 105. Kh6 Qh3+ 106. Kg5 1/2-1/2

[Event "Online Olym Div2 B 2021"]
[Site "chess.com INT"]
[Date "2021.09.04"]
[Round "7.5"]
[Board "2"]
[White "Vorobjov, Pavel"]
[Black "Lodici, Lorenzo"]
[Result "0-1"]
[BlackTitle "IM"]
[WhiteElo "2293"]
[BlackElo "2507"]
[WhiteTeam "Estonia"]
[BlackTeam "Italy"]
[WhiteFideId "4500989"]
[BlackFideId "884189"]
[EventDate "2021.09.02"]
[EventType "team"]

1. d4 Nf6 2. c4 e6 3. Nc3 Bb4 4. e3 O-O 5. Ne2 Re8 6. a3 Bf8 7. e4 d5 8. e5 Nfd7
9. cxd5 exd5 10. g3 c5 11. Bg2 cxd4 12. Nxd5 Nxe5 13. Qxd4 Bg4 14. Ne3 Nf3+ 15.
Bxf3 Bxf3 16. Qxd8 Rxd8 17. Rg1 Nc6 18. b4 Ne5 19. Kf1 Rac8 20. Bb2 Nd3 21. Ra2
f5 22. h4 g6 23. Bf6 Rd6 24. Rd2 Bxe2+ 25. Kxe2 Nc1+ 26. Rxc1 Rxc1 27. Nd5 Kf7
28. Be5 Rd7 29. Bb2 Rb1 30. Be5 Rb3 0-1

[Event "Online Olym Div2 B 2021"]
[Site "chess.com INT"]
[Date "2021.09.04"]
[Round "7.5"]
[Board "3"]
[White "Brunello, Marina"]
[Black "Sinitsina, Anastassia"]
[Result "1/2-1/2"]
[WhiteTitle "IM"]
[BlackTitle "WFM"]
[WhiteElo "2354"]
[BlackElo "2115"]
[WhiteTeam "Italy"]
[BlackTeam "Estonia"]
[WhiteFideId "822590"]
[BlackFideId "4504640"]
[EventDate "2021.09.02"]
[EventType "team"]

1. e4 e5 2. Nf3 Nc6 3. Bc4 Bc5 4. d3 Nf6 5. O-O h6 6. c3 O-O 7. Bb3 d6 8. Be3
Bb6 9. Nbd2 Ne7 10. Nh4 Bg4 11. Qe1 Qd7 12. f4 exf4 13. Rxf4 Be6 14. d4 Bxb3 15.
axb3 Ng4 16. Rf3 Nxe3 17. Qxe3 Qe6 18. Raf1 Rae8 19. Kh1 a6 20. Qd3 Ba7 21. b4
c6 22. Rg3 Bb6 23. Nc4 Bc7 24. Ne3 Ng6 25. Rg4 Nxh4 26. Rxh4 Bd8 27. Rg4 h5 28.
Rg3 Qxe4 29. Qxe4 Rxe4 30. Nf5 g6 31. Nxd6 Re7 32. Rgf3 Rd7 33. Ne4 Re8 34. Nc5
Rde7 35. Nd3 Bc7 36. Kg1 Kg7 37. Rf6 Kg8 38. Nc5 Bb6 39. Nd3 Bc7 40. g3 Bd8 41.
Ne5 Rxe5 42. dxe5 Bxf6 43. exf6 Re6 44. Rd1 Rxf6 45. Rd7 b5 46. Ra7 Rd6 47. Rxa6
Rd2 48. Rxc6 Rxb2 49. Rc5 Rc2 50. h4 Kg7 51. Rxb5 Rxc3 52. Kf2 Rb3 53. Rb6 f6
54. b5 g5 55. hxg5 fxg5 56. Rb7+ Kg6 57. Rb8 Kf5 58. b6 Kg4 59. b7 Rb2+ 60. Ke3
Rb3+ 61. Kf2 Rf3+ 62. Ke2 Rf7 63. Ke3 Kxg3 64. Rg8 Re7+ 65. Kd3 Rxb7 66. Rxg5+
Kh4 67. Re5 Rb2 68. Ke3 Kg4 69. Re8 h4 1/2-1/2

[Event "Online Olym Div2 B 2021"]
[Site "chess.com INT"]
[Date "2021.09.04"]
[Round "7.5"]
[Board "4"]
[White "Viikmaa, Karmen"]
[Black "Zimina, Olga"]
[Result "0-1"]
[BlackTitle "IM"]
[WhiteElo "1720"]
[BlackElo "2334"]
[WhiteTeam "Estonia"]
[BlackTeam "Italy"]
[WhiteFideId "4502620"]
[BlackFideId "4132190"]
[EventDate "2021.09.02"]
[EventType "team"]

1. Nf3 d5 2. g3 c6 3. Bg2 Bg4 4. h3 Bh5 5. d3 Nd7 6. O-O e6 7. Nbd2 Bd6 8. e4
Ne7 9. c3 O-O 10. Re1 Re8 11. a4 a5 12. Qc2 Bc7 13. Nf1 f6 14. Be3 Bf7 15. Rad1
Ng6 16. N3h2 Bb6 17. Bxb6 Qxb6 18. Ne3 Nc5 19. f4 dxe4 20. dxe4 e5 21. f5 Bb3
22. Qf2 Bxd1 23. fxg6 Nd3 24. gxh7+ Kh8 25. Qd2 Nxe1 26. Qxe1 Rad8 27. Kh1 Bh5
28. g4 Bg6 29. Nf5 Qxb2 30. Nf3 Qc2 31. Qg3 Qxe4 32. N3h4 Qb1+ 33. Kh2 Bxh7 34.
Nf3 Qc1 35. Qh4 Qf4+ 36. Ng3 Rd3 37. Qh5 g6 38. Qh4 Rxf3 39. Bxf3 Qxf3 0-1

[Event "Online Olym Div2 B 2021"]
[Site "chess.com INT"]
[Date "2021.09.04"]
[Round "7.5"]
[Board "5"]
[White "Di Benedetto, Edoardo"]
[Black "Rychagov, Nikita"]
[Result "0-1"]
[WhiteTitle "IM"]
[WhiteElo "2412"]
[BlackElo "1985"]
[WhiteTeam "Italy"]
[BlackTeam "Estonia"]
[WhiteFideId "875740"]
[BlackFideId "4508394"]
[EventDate "2021.09.02"]
[EventType "team"]

1. d4 d5 2. c4 e6 3. Nc3 Nf6 4. cxd5 exd5 5. Bg5 c6 6. e3 h6 7. Bh4 Be7 8. Bd3
Ne4 9. Bxe7 Qxe7 10. Bxe4 dxe4 11. Nge2 O-O 12. Qc2 Re8 13. O-O Nd7 14. Rab1 Nf6
15. b4 Be6 16. Rfd1 b5 17. Nxe4 Bf5 18. Nxf6+ Qxf6 19. Qc3 Bxb1 20. Rxb1 a5 21.
bxa5 Qd8 22. Nc1 Qxa5 23. Qxa5 Rxa5 24. Rb2 Rea8 25. Rc2 R8a6 26. Kf1 Kf8 27.
Ke2 Ke7 28. Kd3 Kd6 29. Kc3 Ra3+ 30. Kb2 R6a4 31. Kb1 Rb4+ 32. Nb3 Raa4 33. Kb2
Rc4 34. Re2 Ra7 35. Nc5 Kd5 36. Rd2 Rb4+ 37. Nb3 f5 38. f3 g5 39. Rc2 Rc4 40.
Rf2 b4 41. g4 fxg4 42. e4+ Kd6 43. fxg4 Ke7 44. h4 gxh4 45. Rh2 Rc3 46. Rxh4 Rg3
47. Nc1 Raa3 48. Rxh6 Rg2+ 49. Kb1 Rc3 50. Nb3 Rxg4 51. Rh7+ Kd6 52. Rb7 Rg1+
53. Kb2 Rg2+ 54. Kb1 Rg1+ 55. Kb2 Rg2+ 56. Kb1 Rcc2 57. Rxb4 Rb2+ 58. Kc1 Rxa2
59. Kb1 Rab2+ 60. Ka1 Ra2+ 61. Kb1 Rgb2+ 62. Kc1 Rh2 63. Kb1 Rae2 64. Nc1 Rxe4
65. Rc4 Re1 66. Rc3 Rhh1 67. Kb2 Rxc1 68. Rxc1 Rxc1 69. Kxc1 Kd5 70. Kc2 Kxd4
71. Kb3 c5 72. Kb2 Kd3 73. Kb3 c4+ 74. Kb2 Kd2 75. Ka2 c3 0-1

[Event "Online Olym Div2 B 2021"]
[Site "chess.com INT"]
[Date "2021.09.04"]
[Round "7.5"]
[Board "6"]
[White "Blokhin, Sofia"]
[Black "Grimaldi, Angela Flavia"]
[Result "1-0"]
[BlackTitle "WFM"]
[WhiteElo "2022"]
[BlackElo "2078"]
[WhiteTeam "Estonia"]
[BlackTeam "Italy"]
[WhiteFideId "4508190"]
[BlackFideId "2805214"]
[EventDate "2021.09.02"]
[EventType "team"]

1. e4 c5 2. Nf3 g6 3. d4 cxd4 4. Nxd4 Nc6 5. Nc3 Bg7 6. Be3 Nf6 7. Nb3 O-O 8. f3
d6 9. Qd2 Be6 10. O-O-O a5 11. Na4 Nb4 12. Kb1 Nd7 13. Bh6 Rc8 14. Bxg7 Kxg7 15.
Rc1 Nc5 16. Nc3 Kg8 17. Nd5 Nc6 18. h4 f6 19. Nxc5 dxc5 20. Bc4 Nd4 21. c3 b5
22. Bf1 Bxd5 23. exd5 Nf5 24. Bxb5 c4 25. h5 Rc5 26. a4 g5 27. f4 h6 28. fxg5
fxg5 29. Rhe1 Rf6 30. Re5 Kg7 31. Rxf5 1-0

[Event "Online Olym Div2 B 2021"]
[Site "chess.com INT"]
[Date "2021.09.04"]
[Round "8.1"]
[Board "1"]
[White "Baenziger, Fabian"]
[Black "Sirosh, Ilja"]
[Result "0-1"]
[WhiteTitle "IM"]
[BlackTitle "IM"]
[WhiteElo "2391"]
[BlackElo "2400"]
[WhiteTeam "Switzerland"]
[BlackTeam "Estonia"]
[WhiteFideId "1330110"]
[BlackFideId "4500458"]
[EventDate "2021.09.02"]
[EventType "team"]

1. d4 d5 2. c4 e6 3. Nf3 c5 4. cxd5 exd5 5. g3 Nc6 6. Bg2 cxd4 7. Nxd4 Bc5 8.
Nxc6 bxc6 9. Qc2 Bb4+ 10. Bd2 Bxd2+ 11. Nxd2 Ne7 12. O-O O-O 13. Rfc1 Rb8 14.
Nb3 h5 15. Qc5 a6 16. Rc2 h4 17. Nd4 h3 18. Bf1 Bd7 19. Rd1 Re8 20. b4 Qc7 21.
a3 Qe5 22. Qc3 Nf5 23. Nxf5 Qxf5 24. Rd4 Re4 25. Rc1 Ra8 26. f3 Rxd4 27. Qxd4 a5
28. bxa5 Rxa5 29. a4 Qe6 30. Rb1 c5 31. Rb8+ Kh7 32. Qd3+ Qf5 33. e4 dxe4 34.
fxe4 Qe5 35. Rd8 Be6 36. Qb1 Rxa4 37. Qb5 Rd4 38. Qb8 Qxe4 39. Rh8+ Kg6 0-1

[Event "Online Olym Div2 B 2021"]
[Site "chess.com INT"]
[Date "2021.09.04"]
[Round "8.1"]
[Board "2"]
[White "Vorobjov, Pavel"]
[Black "Gaehwiler, Gabriel"]
[Result "1-0"]
[BlackTitle "IM"]
[WhiteElo "2293"]
[BlackElo "2402"]
[WhiteTeam "Estonia"]
[BlackTeam "Switzerland"]
[WhiteFideId "4500989"]
[BlackFideId "1314530"]
[EventDate "2021.09.02"]
[EventType "team"]

1. Nf3 Nf6 2. g3 b6 3. Bg2 Bb7 4. O-O g6 5. c4 Bg7 6. Nc3 O-O 7. d3 c5 8. e4 Nc6
9. h3 d6 10. Be3 Ne8 11. d4 e5 12. dxe5 dxe5 13. Nd5 Nd6 14. Qd3 Nb4 15. Qb3
Nxe4 16. Nxb4 cxb4 17. Qxb4 Qc7 18. Rfc1 Rac8 19. Qa3 Bc6 20. b4 Rfd8 21. Rab1
Nxg3 22. fxg3 Bxf3 23. Bxf3 e4 24. Bf4 Bd4+ 25. Kh1 Be5 26. Bxe4 Rd4 27. Qe3
Rcd8 28. Bd5 Rxf4 29. gxf4 Bxf4 30. Qf3 Bxc1 31. Rxc1 Kg7 32. Rf1 Rd7 33. Qf6+
Kg8 34. Re1 1-0

[Event "Online Olym Div2 B 2021"]
[Site "chess.com INT"]
[Date "2021.09.04"]
[Round "8.1"]
[Board "3"]
[White "Tamrazyan, Gohar"]
[Black "Sinitsina, Anastassia"]
[Result "0-1"]
[BlackTitle "WFM"]
[WhiteElo "1981"]
[BlackElo "2115"]
[WhiteTeam "Switzerland"]
[BlackTeam "Estonia"]
[WhiteFideId "1330799"]
[BlackFideId "4504640"]
[EventDate "2021.09.02"]
[EventType "team"]

1. e4 e5 2. Nf3 Nc6 3. d4 exd4 4. Nxd4 Nf6 5. Nxc6 bxc6 6. e5 Qe7 7. Qe2 Nd5 8.
h4 d6 9. exd6 Qxe2+ 10. Bxe2 cxd6 11. Bd2 Be7 12. c4 Nb6 13. Bc3 O-O 14. Nd2 Na4
15. Rc1 Nxc3 16. Rxc3 Bf6 17. Rb3 Re8 18. Kf1 Be6 19. Rb7 Reb8 20. Rxb8+ Rxb8
21. b3 a5 22. g4 Be5 23. Kg2 a4 24. Rb1 axb3 25. axb3 h5 26. f3 d5 27. cxd5 cxd5
28. gxh5 Rb4 29. Nf1 Kh7 30. Ne3 Rxh4 31. b4 Rh2+ 32. Kg1 Rxe2 33. Ng4 Bxg4 34.
fxg4 Rb2 35. Rxb2 Bxb2 36. b5 Bd4+ 37. Kg2 Kh6 38. Kf3 Kg5 0-1

[Event "Online Olym Div2 B 2021"]
[Site "chess.com INT"]
[Date "2021.09.04"]
[Round "8.1"]
[Board "4"]
[White "Viikmaa, Karmen"]
[Black "Kurapova, Olga"]
[Result "1-0"]
[WhiteElo "1720"]
[BlackElo "1900"]
[WhiteTeam "Estonia"]
[BlackTeam "Switzerland"]
[WhiteFideId "4502620"]
[BlackFideId "1332562"]
[EventDate "2021.09.02"]
[EventType "team"]

1. Nf3 d5 2. g3 c6 3. Bg2 Nf6 4. d3 Bg4 5. h3 Bh5 6. Nbd2 Nbd7 7. e4 dxe4 8.
dxe4 e5 9. O-O Bc5 10. c3 O-O 11. a4 a5 12. Qc2 Qc7 13. Nc4 Rfe8 14. Bg5 h6 15.
Bd2 Nf8 16. Rfe1 Rad8 17. Nh4 N6d7 18. Nf5 f6 19. Qc1 Ne6 20. b4 axb4 21. cxb4
Bd4 22. Ra2 Ndf8 23. Bf1 Bf7 24. Qd1 Ng5 25. Qg4 b5 26. h4 h5 27. Qd1 Ngh7 28.
Ncd6 Bxa2 29. Nxe8 Rxe8 30. Qxh5 Bf7 31. Qg4 Bg6 32. Rc1 Qa7 33. Nd6 Bxf2+ 34.
Kg2 Rd8 35. Rxc6 Be3 36. Bxe3 Qxe3 37. h5 Qd2+ 38. Kg1 Rxd6 39. Rxd6 Qxd6 40.
hxg6 Qd4+ 41. Kh2 Ng5 42. Bxb5 Qf2+ 43. Kh1 Nxg6 44. Bc4+ Kf8 45. Qc8+ Ke7 46.
Qc7+ Kf8 47. Qd8# 1-0

[Event "Online Olym Div2 B 2021"]
[Site "chess.com INT"]
[Date "2021.09.04"]
[Round "8.1"]
[Board "5"]
[White "Stijve, Theo"]
[Black "Rychagov, Nikita"]
[Result "1/2-1/2"]
[WhiteTitle "FM"]
[WhiteElo "2291"]
[BlackElo "1985"]
[WhiteTeam "Switzerland"]
[BlackTeam "Estonia"]
[WhiteFideId "1331132"]
[BlackFideId "4508394"]
[EventDate "2021.09.02"]
[EventType "team"]

1. Nf3 d5 2. c4 d4 3. e3 c5 4. b4 dxe3 5. fxe3 cxb4 6. d4 Nf6 7. Bd3 g6 8. a3
bxa3 9. Nc3 Bg7 10. O-O O-O 11. Bxa3 Nc6 12. Qe1 Re8 13. Qh4 e5 14. dxe5 Ng4 15.
Qxd8 Rxd8 16. Nd5 Ngxe5 17. Nxe5 Nxe5 18. Be2 Be6 19. e4 Nc6 20. Rab1 b6 21. Nc7
Rac8 22. Nxe6 fxe6 23. Bg4 Re8 24. c5 Bd4+ 25. Kh1 bxc5 26. Rb7 Ne5 27. Bh3 Rcd8
28. Rxa7 Rd7 29. Ra6 Rde7 30. Bc1 Kg7 31. Bg5 Rf7 32. Rb1 h6 33. Bh4 g5 34. Bxe6
Rfe7 35. Bxg5 hxg5 36. Bf5 c4 37. g3 c3 38. h4 gxh4 39. gxh4 c2 40. Rc1 Rc7 41.
Ra2 Nd3 42. Rcxc2 Rxc2 43. Rxc2 Nf2+ 44. Kg2 Nxe4 45. Re2 Nf6 46. Rxe8 Nxe8 47.
Kf3 Be5 48. Ke4 Bg3 49. Kf3 Nf6 50. Kxg3 Kh6 51. Bc2 Nd5 52. Bd1 Nf6 53. Kf4 Nd7
54. Kf5 Nc5 55. h5 Nd3 56. Kf6 1/2-1/2